Warhammer - Unidades de Sexta Edición - Estadísticas

Estadísticas generales
  • Esta prueba ha sido intentada 111 veces
    101 desde el último reinicio
  • La puntuación promedio es 75 de 398
Estadísticas de respuestas
Pista Respuesta % Correcto
Orcos y Goblins Unidades Básicas Arkeroz Orcos
78%
El Imperio Unidades Básicas Arqueros
78%
Altos Elfos Unidades Básicas Arqueros
78%
Bretonia Unidades Básicas Arqueros Campesinos
78%
El Imperio Unidades Básicas Lanceros
78%
Altos Elfos Unidades Básicas Lanceros
78%
Altos Elfos Héroe Mago
78%
El Imperio Unidades Básicas Ballesteros
67%
Enanos Unidades Básicas Ballesteros
67%
Hordas del Caos Unidades de Mortales Caballeros del Caos
67%
El Imperio Unidades Básicas Órdenes de Caballería
67%
El Imperio Unidades Básicas Alabarderos
56%
Hordas del Caos Personaje Especial Archaón
56%
El Imperio Unidades Básicas Compañías Libres
56%
La Tormenta del Caos Personaje Especial Emperador Karl Franz
56%
Orcos y Goblins Unidades Básicas Goblins
56%
El Imperio Unidades Especiales Gran Cañón
56%
El Imperio Unidades Especiales Grandes Espaderos
56%
La Tormenta del Caos Unidades Básicas MIlicia Sylvaniana
56%
El Imperio Unidades Básicas Arcabuceros
44%
Hordas del Caos Unidades de Mortales Bárbaros del Caos
44%
Enanos Unidades Especiales Cañón
44%
Bestias del Caos Héroe Chamán del Rebaño
44%
Hombres Lagarto Héroe Chamán Eslizón
44%
Orcos y Goblins Héroe Chamán Goblin
44%
Orcos y Goblins Héroe Chamán Goblin Nocturno
44%
Orcos y Goblins Héroe Chamán Orco
44%
Orcos y Goblins Héroe Chamán Orco Zalvaje
44%
El Imperio Unidades Básicas Espadachines
44%
Enanos Unidades Básicas Guerreros
44%
Skaven Unidades Básicas Guerreros de Clan
44%
Hordas del Caos Unidades de Mortales Guerreros del Caos
44%
La Tormenta del Caos Unidades Especiales Guerreros de Ulric
44%
Elfos Oscuros Unidades Básicas Guerreros Elfos Oscuros
44%
Condes Vampiro Unidades Básicas Guerreros Esqueleto
44%
Reyes Funerarios Unidades Básicas Guerreros Esqueleto
44%
Orcos y Goblins Unidades Básicas Guerreroz Orcos
44%
Orcos y Goblins Comandante Kaudillo Goblin
44%
Orcos y Goblins Comandante Kaudillo Goblin Nocturno
44%
Orcos y Goblins Comandante Kaudillo Orco
44%
Orcos y Goblins Comandante Kaudillo Orco Negro
44%
Orcos y Goblins Comandante Kaudillo Orco Zalvaje
44%
Elfos Oscuros Personaje Especial Malekith
44%
Orcos y Goblins Unidades Especiales Orcos Negroz
44%
Altos Elfos Comandante Príncipe Élfico
44%
Elfos Oscuros Comandante Príncipe Oscuro
44%
Elfos Oscuros Unidades Especiales Sombras
44%
Bretonia Unidades Singulares Trebuchet
44%
Altos Elfos Personaje Especial Tyrion
44%
Altos Elfos Comandante Archimago
33%
Elfos Oscuros Héroe Asesino
33%
Skaven Héroe Asesino
33%
Enanos Unidades Especiales** Barbaslargas
33%
Bretonia Unidades Especiales Caballeros Andantes
33%
Hordas del Caos Unidades de Mortales Caballeros del Caos Elegidos
33%
Bretonia Unidades Singulares Caballeros del Grial
33%
Bretonia Unidades Básicas Caballeros del Reino
33%
Skaven Héroe Caudillo
33%
Bestias del Caos Comandante Caudillo de los Hombres Bestia
33%
Reinos Ogros Héroe Cazador
33%
Elfos Oscuros Unidades Básicas Corsarios
33%
Skaven Unidades Básicas Esclavos Skavens
33%
Elfos Silvanos Unidades Básicas Exploradores del Bosque
33%
Orcos y Goblins Unidades Singulares Gigante
33%
Orcos y Goblins Unidades Básicas Goblins Nocturnos
33%
Bestias del Caos Comandante Gran Chamán del Rebaño
33%
Orcos y Goblins Comandante Gran Chamán Goblin
33%
Orcos y Goblins Comandante Gran Chamán Goblin Nocturno
33%
Orcos y Goblins Comandante Gran Chamán Orco
33%
Orcos y Goblins Comandante Gran Chamán Orco Zalvaje
33%
La Tormenta del Caos Comandante Gran Maestre de los Caballeros del Lobo Blanco
33%
El Imperio Comandante Gran Maestre Templario
33%
Orcos y Goblins Personaje Especial Grimgor Piel'ierro
33%
Altos Elfos Unidades Singulares Guardia del Fénix
33%
Hordas del Caos Unidades de Mortales Guerreros del Caos Elegidos
33%
Bretonia Unidades Básicas Hombres de Armas
33%
Hombres Lagarto Unidades Básicas Hostigadores Eslizón
33%
Altos Elfos Personaje Especial Imrik
33%
Orcos y Goblins Unidades Singulares Katapulta Lanzagoblinz
33%
Altos Elfos Unidades Singulares Leones Blancos de Cracia
33%
El Imperio Héroe Maestro Ingeniero
33%
Enanos Héroe Maestro Ingeniero
33%
Elfos Oscuros Personaje Especial Malus Darkblade
33%
Bestias del Caos Unidades de Bestias Manada de Bestias
33%
Enanos Unidades Especiales Martilladores
33%
Enanos Unidades Especiales Matadores
33%
Bestias del Caos Unidades Especiales Minotauros
33%
Elfos Oscuros Personaje Especial Morathi
33%
Bretonia Héroe Paladín
33%
Hordas del Caos Héroe Paladín del Caos
33%
Altos Elfos Unidades Especiales Príncipes Dragón de Caledor
33%
Bretonia Comandante Señor Bretoniano
33%
Hordas del Caos Comandante Señor del Caos
33%
Enanos Comandante Señor de los Enanos
33%
Condes Vampiro Comandante Señor de los Vampiros
33%
Reyes Funerarios Personaje Especial Settra el Imperecedero
33%
Altos Elfos Personaje Especial Teclis
33%
Skaven Unidades Básicas Alimañas
22%
Elfos Silvanos Unidades Especiales Arbóreos
22%
Kislev Personaje Especial Boris Ursus
22%
Condes Vampiro Unidades Especiales Caballeros Negros
22%
Bretonia Unidades Básicas Caballeros Noveles
22%
La Tormenta del Caos Unidades Singulares Cañón Infernal del Caos
22%
El Imperio Héroe Capitán
22%
Enanos Unidades Especiales Catapulta/Lanzaagravios
22%
Bestias del Caos Unidades Especiales Centigors
22%
El Imperio Comandante Conde Elector
22%
Bretonia Héroe Damisela de la Dama
22%
Hordas del Caos Unidades de Demonios Desangradores
22%
Hordas del Caos Comandante Devorador de Almas
22%
Elfos Silvanos Unidades Básicas Dríades
22%
Elfos Oscuros Unidades Especiales Elfas Brujas de Khaine
22%
Altos Elfos Personaje Especial* Eltharion
22%
Bestias del Caos Unidades Singulares Engendro del Caos
22%
Lustria Unidades Singulares Engendro Rátido
22%
Hordas del Caos Unidades Singulares Engendros del Caos
22%
Hombres Lagarto Unidades Especiales Eslizones Camaleón
22%
Condes Vampiro Héroe Espectros
22%
Hombres Lagarto Unidades Singulares Estegadones
22%
Elfos Silvanos Unidades Singulares Forestales
22%
Hordas del Caos Unidades de Demonios Furias del Caos
22%
Enanos Unidades Singulares Girocóptero
22%
El Imperio Comandante Gran Hechicero
22%
Hordas del Caos Comandante Gran Hechicero del Caos
22%
Hordas del Caos Comandante Gran Inmundicia
22%
Orcos y Goblins Héroe Gran Jefe Goblin
22%
Orcos y Goblins Héroe Gran Jefe Goblin Nocturno
22%
Orcos y Goblins Héroe Gran Jefe Orco
22%
Orcos y Goblins Héroe Gran Jefe Orco Negro
22%
Orcos y Goblins Héroe Gran Jefe Orco Zalvaje
22%
Reyes Funerarios Personaje Especial Gran Reina Khalida Neferher
22%
Altos Elfos Unidades Básicas Guardia del Mar de Lothern
22%
Elfos Silvanos Unidades Básicas Guardia Eterna
22%
Hordas del Caos Comandante Guardián de Secretos
22%
Elfos Oscuros Unidades Singulares Guardia Negra
22%
Hombres Lagarto Unidades Básicas Guerreros Saurios
22%
El Imperio Héroe Hechicero de Batalla
22%
Hordas del Caos Héroe Hechicero del Caos
22%
La Tormenta del Caos Héroe Hechicero del Clan Eshin
22%
La Tormenta del Caos Héroe Heraldo Demoníaco
22%
El Imperio Unidades Especiales Herreruelos
22%
Skaven Unidades Básicas Horda de Ratas
22%
Hordas del Caos Unidades de Demonios Horrores
22%
Orcos y Goblins Unidades Básicas Jinetez de Lobo Goblins
22%
Kislev Unidades Básicas Kossars de Kislev
22%
Hombres Lagarto Unidades Especiales Kroxigores
22%
Orcos y Goblins Unidades Especiales Lanzapiedroz Goblin
22%
Orcos y Goblins Unidades Especiales Lanzapinchoz Goblin
22%
Enanos Unidades Especiales Lanzavirotes
22%
Altos Elfos Unidades Singulares Lanzavirotes de Repetición
22%
Elfos Oscuros Unidades Singulares Lanzavirotes Destripador
22%
Kislev Personaje Especial La Zarina Katarin
22%
Kislev Unidades Especiales Legión del Grifo
22%
Altos Elfos Unidades Especiales Maestros de la Espada de Hoeth
22%
Bestias del Caos Unidades de Bestias Manada de Bestigors
22%
Condes Vampiro Personaje Especial Manfred von Carstein
22%
La Tormenta del Caos Unidades Especiales Mastines de Caza
22%
Hordas del Caos Unidades de Mortales Mastines del Caos
22%
Bestias del Caos Unidades de Bestias Mastines del Caos
22%
Enanos Unidades Básicas** Mineros
22%
El Imperio Unidades Especiales Mortero
22%
Condes Vampiro Héroe Nigromante
22%
Elfos Silvanos Héroe Noble
22%
Elfos Oscuros Héroe Noble Elfo Oscuro
22%
Orcos y Goblins Unidades Básicas Orcos Zalvajes
22%
Elfos Silvanos Personaje Especial Orión
22%
Hordas del Caos Unidades de Demonios Portadores de Plaga
22%
Bretonia Unidades Especiales Relicario y Peregrinos de Batalla
22%
Enanos Unidades Especiales Rompehierros
22%
El Imperio Unidades Singulares* Tanque a Vapor
22%
Orcos y Goblins Unidades Singulares Trolls
22%
La Tormenta del Caos Personaje Especial Ungrim Puñohierro
22%
Elfos Oscuros Unidades Especiales Verdugos
22%
Skaven Comandante Vidente Gris
22%
Altos Elfos Unidades Básicas Yelmos Plateados
22%
Condes Vampiro Personaje Especial Zakarías el Eterno
22%
Condes Vampiro Unidades Básicas Zombis
22%
Skaven Unidades Especiales Acechantes Nocturnos
11%
Elfos Silvanos Comandante Aeda Mágico
11%
Altos Elfos Unidades Singulares Águila Gigante
11%
Elfos Silvanos Unidades Singulares Águila Gigante
11%
Enanos Personaje Especial Alrik Ranulfsson
11%
Elfos Oscuros Unidades Especiales Arpías
11%
La Tormenta del Caos Personaje Especial Ar-Ulric Emil Valgeir
11%
La Sombra sobre Albión Héroe Arúspice
11%
Enanos Unidades Básicas Atronadores
11%
Hordas del Caos Unidades de Demonios Aulladores de Tzeentch
11%
Condes Vampiro Unidades Básicas Bandada de Murciélagos
11%
El Imperio Unidades Básicas Batidores
11%
La Tormenta del Caos Personaje Especial Be'lakor
11%
Bestias del Caos Héroe Beligor
11%
La Sombra sobre Albión Unidades Singulares Bestia del Cieno
11%
Elfos Silvanos Comandante Biennacido
11%
La Tormenta del Caos Personaje Especial Boris Todbringer
11%
Kislev Héroe Boyardo de Kislev
11%
Reyes Funerarios Unidades Especiales Buitres de Nehekhara
11%
La Tormenta del Caos Unidades Básicas Buscamuertes
11%
Bretonia Unidades Especiales Caballeros del Pegaso
11%
Elfos Oscuros Unidades Especiales Caballeros Gélidos
11%
El Imperio Unidades Singulares Cañón de Salvas
11%
Enanos Unidades Singulares Cañón Lanzallamas
11%
Enanos Unidades Singulares Cañón Órgano
11%
Elfos Silvanos Héroe Cantor de los Árboles
11%
La Tormenta del Caos Unidades Singulares Carro de Khorne
11%
La Tormenta del Caos Unidades Singulares Carro de Nurgle
11%
La Tormenta del Caos Unidades Singulares Carro de Slaanesh
11%
Altos Elfos Unidades Especiales Carro de Tiranoc
11%
La Tormenta del Caos Unidades Singulares Carro de Tzeentch
11%
Condes Vampiro Unidades Singulares Carruaje Negro
11%
Hombres Lagarto Unidades Singulares Cazadores Salamandra
11%
Altos Elfos Héroe Comandante
11%
Elfos Silvanos Unidades Especiales Compañía de Bailarines Guerreros
11%
Condes Vampiro Comandante Conde Vampiro
11%
Skaven Unidades Básicas Corredores de Sombras
11%
Skaven Unidades Especiales Cuadrilla de Excavadores Acechantes Nocturnos
11%
Hordas del Caos Héroe Demonio Mayor
11%
Hordas del Caos Unidades de Demonios Diablillas
11%
La Tormenta del Caos Unidades Básicas Diablillas Montadas
11%
Condes Vampiro Unidades Singulares Doncella Espectral
11%
La Tormenta del Caos Comandante Druchii Ungido
11%
Elfos Silvanos Personaje Especial Drycha
11%
Bretonia Personaje Especial El Caballero Verde
11%
Bretonia Personaje Especial El Hada Hechicera
11%
La Sombra sobre Albión Héroe Emisario Oscuro
11%
Elfos Silvanos Héroe Espectro de los Árboles
11%
El Imperio Unidades Singulares Flagelantes
11%
Hordas del Caos Personaje Especial Galrauch
11%
La Tormenta del Caos Personaje Especial Garagrim Puñohierro
11%
Reyes Funerarios Unidades Singulares Gigante de Hueso
11%
Bestias del Caos Unidades Singulares Gigante del Caos
11%
Reyes Funerarios Unidades Especiales Gólem Escorpión
11%
Bestias del Caos Personaje Especial Gorthor
11%
Elfos Oscuros Comandante Gran Hechicera
11%
Elfos Silvanos Unidades Básicas Guardia del Bosque
11%
Condes Vampiro Unidades Especiales Guardia de los Túmulos
11%
Reyes Funerarios Unidades Especiales Guardia del Sepulcro
11%
Hombres Lagarto Unidades Básicas Guardia del Templo
11%
Altos Elfos Unidades Especiales Guardianes de Ellyrion
11%
Bretonia Personaje Especial Guardianes del Grial
11%
La Tormenta del Caos Unidades Especiales Guardia Teutógena
11%
Elfos Oscuros Héroe Hechicera
11%
La Tormenta del Caos Unidades Singulares Hermanos Lobo
11%
Enanos Héroe Herrero Rúnico
11%
Elfos Oscuros Unidades Singulares Hidra de Guerra
11%
Elfos Silvanos Unidades Singulares Hombre Árbol
11%
Bretonia Unidades Especiales Hombres de Armas a Caballo
11%
Condes Vampiro Unidades Especiales Hueste Espectral
11%
La Tormenta del Caos Unidades Básicas Incineradores
11%
Skaven Héroe Ingeniero Brujo
11%
Hombres Lagarto Héroe Jefe Eslizón
11%
Hordas del Caos Unidades de Mortales Jinetes Bárbaros del Caos
11%
Elfos Silvanos Unidades Especiales Jinetes de Halcón
11%
Elfos Silvanos Unidades Especiales Jinetes de Kurnous
11%
Elfos Silvanos Unidades Básicas Jinetes del Bosque
11%
Elfos Oscuros Unidades Básicas Jinetes Oscuros
11%
Enanos Personaje Especial** Josef Bugman
11%
Bestias del Caos Personaje Especial Khazrak el Tuerto
11%
Kislev Unidades Básicas Lanceros Alados
11%
Skaven Unidades Básicas Lanzadores de Viento Envenenado
11%
El Imperio Personaje Especial Luthor Huss
11%
Hombres Lagarto Comandante Mago Sacerdote Slann
11%
Hordas del Caos Unidades de Demonios Mastines de Khorne
11%
Enanos Comandante Matademonios
11%
Enanos Héroe Matadragones
11%
Elfos Silvanos Comandante Milenario
11%
Bestias del Caos Comandante Minotauro de la Condenación
11%
Bestias del Caos Personaje Especial Morghur
11%
Skaven Unidades Especiales Mosquetes Jezzail
11%
Condes Vampiro Unidades Especiales Murciélagos Vampiro
11%
Elfos Silvanos Personaje Especial Naestra y Arahan
11%
Condes Vampiro Unidades Básicas Necrófagos
11%
Hordas del Caos Unidades de Demonios Nurgletes
11%
Bestias del Caos Unidades Singulares Ogro Dragón Shaggoth
11%
Bestias del Caos Unidades Especiales Ogros del Caos
11%
Bestias del Caos Unidades Singulares Ogros Dragón
11%
Reinos Ogros Unidades Básicas Ogros Toro
11%
Orcos y Goblins Unidades Básicas Orcos Grandotez
11%
Orcos y Goblins Unidades Especiales Orcos Grandotez Jinetez de Jabalí
11%
Orcos y Goblins Unidades Especiales Orcos Jinetez de Jabalí
11%
Hordas del Caos Héroe Paladín Legendario del Caos
11%
Skaven Unidades Singulares Portadores del Incensario
11%
Hordas del Caos Comandante Príncipe Demonio
11%
Reyes Funerarios Héroe Príncipe Funerario
11%
Bretonia Comandante Profetisa de la Dama
11%
Skaven Unidades Especiales Ratas Ogro
11%
Reyes Funerarios Comandante Rey Funerario
11%
Bretonia Personaje Especial Rey Louen Leoncoeur
11%
Skaven Héroe Sacerdote de Plaga
11%
La Tormenta del Caos Héroe Sacerdote de Ulric
11%
Reyes Funerarios Héroe Sacerdote Funerario
11%
El Imperio Héroe Sacerdote Guerrero
11%
Hombres Lagarto Héroe Saurio Escamadura
11%
Hombres Lagarto Comandante Saurio Viejaestirpe
11%
Skaven Comandante Señor de la Guerra
11%
Elfos Oscuros Héroe Señor de las Bestias
11%
Enanos Comandante Señor de las Runas
11%
Hordas del Caos Comandante Señor de la Transformación
11%
Enanos Héroe Señor del Clan
11%
Elfos Oscuros Personaje Especial* Shadowblade
11%
Orcos y Goblins Unidades Básicas Snotlings
11%
Altos Elfos Unidades Especiales Sombríos
11%
Reyes Funerarios Comandante Sumo Sacerdote Funerario
11%
Lustria Personaje Especial Tehenhauin
11%
Hombres Lagarto Unidades Especiales Terradones
11%
Enanos Personaje Especial** Thorgrim Custodio de Agravios
11%
Bestias del Caos Unidades Especiales Trolls del Caos
11%
Reyes Funerarios Unidades Especiales Ushabti
11%
Orcos y Goblins Unidades Singulares Vagoneta de Ataque Snotling
11%
La Tormenta del Caos Personaje Especial Valten, Avatar de Sigmar
11%
El Imperio Personaje Especial* Valten, Elegido de Sigmar
11%
El Imperio Personaje Especial* Valten, Paladín de Sigmar
11%
Condes Vampiro Héroe Vampiro Neonato
11%
La Tormenta del Caos Personaje Especial Vardek Crom
11%
Hombres Lagarto Personaje Especial Venerable Cacique Kroak
11%
Skaven Personaje Especial Vidente Gris Thanquol
11%
Reyes Funerarios Comandante Arca de las Almas
0%
Kislev Unidades Básicas Arqueros Ungols a Caballo
0%
Lustria Unidades Singulares Artilugio de los Dioses
0%
El Imperio Personaje Especial Baltazar Gelt
0%
La Tormenta del Caos Personaje Especial Borgut Machakajetoz
0%
La Tormenta del Caos Unidades Especiales Buscadoras de Placer
0%
Reyes Funerarios Unidades Básicas Caballería Ligera Esquelética
0%
Reyes Funerarios Unidades Básicas Caballería Pesada Esquelética
0%
El Imperio Unidades Básicas Caballeros del Círculo Interior
0%
El Imperio Unidades Básicas Caballeros del Lobo Blanco
0%
Lustria Comandante Caldero de las Mil Enfermedades
0%
Elfos Oscuros Unidades Singulares Caldero de Sangre
0%
Skaven Comandante Campana Gritona
0%
Skaven Unidades Singulares Cañón de Disformidad
0%
Elfos Oscuros Unidades Especiales Carro de Gélidos
0%
Hordas del Caos Unidades de Mortales Carro del Caos
0%
Bestias del Caos Unidades de Bestias Carro de Tuskgors
0%
Reyes Funerarios Unidades Básicas Carros de Guerra
0%
La Tormenta del Caos Unidades Singulares Cercenagoblins de Malakai Makaisson
0%
Reinos Ogros Unidades Singulares Comehombres
0%
La Tormenta del Caos Unidades Básicas Compañía del Barco
0%
La Tormenta del Caos Unidad Especial Despellejadores
0%
Reinos Ogros Comandante Déspota
0%
Hombres Lagarto Unidades Básicas Enjambre de la Jungla
0%
Reyes Funerarios Unidades Básicas Enjambre Funerario
0%
Lustria Unidades Básicas Enjambre Pequeño
0%
Lustria Unidades Básicas Eslizones de Cresta Roja
0%
La Tormenta del Caos Unidades Especiales Estrujasangres
0%
Reinos Ogros Unidades Singulares Gargantúa
0%
Reinos Ogros Unidades Singulares Gigante Sometido
0%
Reinos Ogros Personaje Especial Grasientus Dientedoro
0%
Hombres Lagarto Unidades Especiales Guerreros Gélidos
0%
Reinos Ogros Unidades Básicas Guerreros Gnoblars
0%
La Tormenta del Caos Unidades Especiales Hermandad de Grimnir
0%
La Tormenta del Caos Unidades Básicas Iniciados de Slaanesh
0%
La Tormenta del Caos Unidades Especiales Jinetes de Plaga
0%
La Tormenta del Caos Unidades Singulares Kareto de Gorko
0%
Orcos y Goblins Unidades Especiales Karro de Jabalíes Orco
0%
Orcos y Goblins Unidades Especiales Karro de Lobos Goblin
0%
Hombres Lagarto Personaje Especial Kroq-Gar
0%
Reyes Funerarios Unidades Singulares Lanzacráneos
0%
La Tormenta del Caos Unidades Básicas Leva Sylvaniana
0%
Condes Vampiro Unidades Básicas Lobos Espectrales
0%
La Tormenta del Caos Comandante Maestro Asesino
0%
Reinos Ogros Comandante Maestro Carnicero
0%
Skaven Héroe Maestro del Clan Moulder
0%
Condes Vampiro Comandante Maestro Nigromante
0%
La Tormenta del Caos Unidades Especiales Matadores Piratas de Drong el Largo
0%
Reinos Ogros Héroe Matarife
0%
Reinos Ogros Héroe Matón
0%
Skaven Unidades Especiales Monjes de Plaga
0%
Enanos Unidades Básicas Montaraces
0%
Lustria Personaje Especial Nurglitch
0%
Reinos Ogros Unidades Básicas Ogros Tripasduras
0%
La Tormenta del Caos Unidades Singulares Orcos Acorazados de Ruglud
0%
Orcos y Goblins Unidades Básicas Orcos Zalvajes Grandotez
0%
Orcos y Goblins Unidades Especiales Orcos Zalvajes Grandotez Jinetez de Jabalí
0%
Orcos y Goblins Unidades Especiales Orcos Zalvajez Jinetez de Jabalí
0%
Orcos y Goblins Unidades Especiales Pastores de Garrapatos
0%
Lustria Héroe Pestilente
0%
Lustria Comandante Pontífice de la Plaga
0%
Reyes Funerarios Héroe Portador del Icono Funerario
0%
La Tormenta del Caos Unidades Especiales Portadores del Cambio
0%
Lustria Unidades Básicas Pustulentos
0%
Skaven Unidades Básicas Ratas Gigantes
0%
Lustria Unidades Especiales Ratas Gigantes Babeantes
0%
Lustria Unidades Singulares Ratas Ogro Furibundas
0%
Lustria Unidades Básicas Roedores de Plaga
0%
Lustria Héroe Salmodiador Hediondo
0%
La Tormenta del Caos Héroe Senescal del Lobo Blanco
0%
Lustria Comandante Señor de la Plaga
0%
Condes Vampiro Héroe Señor Tumulario
0%
La Tormenta del Caos Unidades Singulares Serpiente Marina
0%
Reinos Ogros Personaje Especial Skrag el Carnicero
0%
Reinos Ogros Unidades Especiales Sueltafuegos
0%
Enanos Personaje Especial Thorek Cejohierro
0%
Skaven Personaje Especial Throt el Inmundo
0%
Reinos Ogros Unidades Especiales Tirasobras Gnoblar
0%
Reinos Ogros Unidades Básicas Tramperos Gnoblars
0%
La Tormenta del Caos Unidades Singulares Tríada Eshin
0%
Orcos y Goblins Personaje Especial Wurrzag Ud Ura Zahubu
0%
Reinos Ogros Unidades Especiales Yehtis
0%
Enanos Comandante Yunque Rúnico
0%
No se encontraron pruebas coincidentes
Distribución de puntuación
Porcentaje de gente con cada puntuación
Porcentaje por número respondido
Historial de tus puntuaciones
No has intentado esta prueba desde el último reinicio